000084646 001__ 84646
000084646 005__ 20191111224555.0
000084646 0247_ $$2doi$$a10.26754/CINAIC.2019.0131
000084646 037__ $$aCOMPON-2019-CINAIC-0131
000084646 041__ $$aspa
000084646 100__ $$aSánchez-Azqueta, Carlos$$uUniversidad de Zaragoza, España
000084646 245__ $$aIntervención en el aula basada en recursos educativos de libre acceso
000084646 260__ $$c2019
000084646 506__ $$aAccess copy available to the general public$$fUnrestricted
000084646 5203_ $$a- Las tecnologías de información y la comunicación (TICs) son un instrumento privilegiado para promover y facilitar el aprendizaje significativo de los alumnos ya que se basan en el aumento de la motivación. El uso de recursos multimedia y entornos virtuales de aprendizaje ya ha sido adoptado en numerosas instituciones de educación superior como parte de un proceso de aprendizaje mixto. En este trabajo se describe una acción de intervención en el aula basada en Recursos Educativos de libre Acceso (REA) con dos fases de actuación claramente diferenciadas. En la primera se ha llevado a cabo un proceso de identificación de conceptos físicos de difícil comprensión para los alumnos, seguido de un análisis de los resultados obtenidos de dicho diagnóstico. Posteriormente se ha realizado una intervención en el aula que persigue mejorar la compresión de dichos conceptos eligiendo la metodología más adecuada en función de las dificultades que se derivaron del primer análisis. Una de las metodologías propuestas es la actualización del concepto de tutoría académica mediante la realización de un canal de YouTube para alojar videotutoriales o píldoras electrónicas de refuerzo.
000084646 540__ $$9info:eu-repo/semantics/openAccess$$aby-nc-nd$$uhttp://creativecommons.org/licenses/by-nc-nd/3.0/es/
000084646 655_4 $$aComunicación
000084646 700__ $$aCascarosa, Esther$$uUniversidad de Zaragoza, España
000084646 700__ $$aCelma, Santiago$$uUniversidad de Zaragoza, España
000084646 700__ $$aGimeno, Cecilia$$uUniversité catholique de Louvain, Bélgica
000084646 700__ $$aAldea, Concepción$$uUniversidad de Zaragoza, España
000084646 773__ $$dZaragoza$$gAprendizaje, Innovación y Cooperación como impulsores del cambio metodológico. Actas del V Congreso Internacional sobre Aprendizaje, Innovación y Cooperación. CINAIC 2019 (9-11 de Octubre de 2019, Madrid, España)
000084646 8564_ $$s772626$$uhttps://zaguan.unizar.es/record/84646/files/131.pdf
000084646 909CO $$ooai:zaguan.unizar.es:84646$$pcomunicaciones-ponencias
000084646 970__ $$aCOMPON-2019-CINAIC-0131
000084646 980__ $$aCOMPON